|
|
|
|
| LEADER |
01786nam a22004575i 4500 |
| 001 |
978-3-540-28685-1 |
| 003 |
DE-He213 |
| 005 |
20151204161834.0 |
| 007 |
cr nn 008mamaa |
| 008 |
100301s2006 gw | s |||| 0|eng d |
| 020 |
|
|
|a 9783540286851
|9 978-3-540-28685-1
|
| 024 |
7 |
|
|a 10.1007/3-540-28685-3
|2 doi
|
| 040 |
|
|
|d GrThAP
|
| 050 |
|
4 |
|a HG1-HG9999
|
| 072 |
|
7 |
|a KFF
|2 bicssc
|
| 072 |
|
7 |
|a BUS027000
|2 bisacsh
|
| 082 |
0 |
4 |
|a 332
|2 23
|
| 100 |
1 |
|
|a Genser, Michael.
|e author.
|
| 245 |
1 |
2 |
|a A Structural Framework for the Pricing of Corporate Securities
|h [electronic resource] :
|b Economic and Empirical Issues /
|c by Michael Genser.
|
| 264 |
|
1 |
|a Berlin, Heidelberg :
|b Springer Berlin Heidelberg,
|c 2006.
|
| 300 |
|
|
|a XX, 188 p.
|b online resource.
|
| 336 |
|
|
|a text
|b txt
|2 rdacontent
|
| 337 |
|
|
|a computer
|b c
|2 rdamedia
|
| 338 |
|
|
|a online resource
|b cr
|2 rdacarrier
|
| 347 |
|
|
|a text file
|b PDF
|2 rda
|
| 490 |
1 |
|
|a Lecture Notes in Economics and Mathematical Systems,
|x 0075-8442 ;
|v 566
|
| 505 |
0 |
|
|a The Corporate Securities Framework -- ABM- and GBM-EBIT-Models -- Numerical Illustration of the ABM- and GBM-Model -- Empirical Test of the EBIT-Based Credit Risk Model -- Concluding Remarks.
|
| 650 |
|
0 |
|a Finance.
|
| 650 |
|
0 |
|a Economics, Mathematical.
|
| 650 |
|
0 |
|a Econometrics.
|
| 650 |
1 |
4 |
|a Finance.
|
| 650 |
2 |
4 |
|a Finance, general.
|
| 650 |
2 |
4 |
|a Quantitative Finance.
|
| 650 |
2 |
4 |
|a Econometrics.
|
| 710 |
2 |
|
|a SpringerLink (Online service)
|
| 773 |
0 |
|
|t Springer eBooks
|
| 776 |
0 |
8 |
|i Printed edition:
|z 9783540286837
|
| 830 |
|
0 |
|a Lecture Notes in Economics and Mathematical Systems,
|x 0075-8442 ;
|v 566
|
| 856 |
4 |
0 |
|u http://dx.doi.org/10.1007/3-540-28685-3
|z Full Text via HEAL-Link
|
| 912 |
|
|
|a ZDB-2-SBE
|
| 950 |
|
|
|a Business and Economics (Springer-11643)
|